000 00570nam a2200229Ia 4500
003 OSt
005 20220912144337.0
006 a|||||r|||| 00| 0
007 ta
008 220909b |||||||| |||| 00| 0 eng d
020 _aSL052821
024 _a196081
037 _cTextual
040 _aCSL
_beng
_cCSL
041 _aeng
082 _aY777N, L1
100 _aYoung P D
245 0 _aNgawbe traditional and chamge among the western guaymi of panama
700 _aYoung P D
942 _hY777N, L1
_cTEXL
_2CC
999 _c5498
_d5498